000 00319nam a22001457a 4500
008 210322b ||||| |||| 00| 0 eng d
020 _a0395364027
041 _aeng
080 _23rd
_a82
082 _a82
100 _a21
101 _aGJL
245 _aPractical English Workbook
_cWatkins, F. C
942 _2udc
_cBK
999 _c56637
_d56637